| 000 | 00421nam a2200157 a 4500 | ||
|---|---|---|---|
| 001 | 2705 | ||
| 005 | 20140414131847.0 | ||
| 008 | 050924s19uu xx 00 eng d | ||
| 020 | _a0-15-224703-3 | ||
| 050 |
_aM 398.2 _bH25 1980 |
||
| 100 | _aKathleen & Michael Hague | ||
| 245 | _aEast of the sun and West of the moon. | ||
| 260 |
_bHarcourt Brace Jovanovich. _aSan Diego : |
||
| 300 | _a34 p. ; cm. | ||
| 999 |
_c110002 _d110002 |
||